NBA Starters 2021-2022 - Statistics

General Stats
  • This quiz has been taken 196 times
    110 since last reset
  • The average score is 87 of 150
Answer Stats
Pos. Answer % Correct
Atlanta Hawks PG Trae Young
99%
Atlanta Hawks C Clint Capela
93%
Miami Heat SF Jimmy Butler
86%
Detroit Pistons SG Cade Cunningham
83%
Miami Heat C Bam Adebayo
81%
Miami Heat SG Duncan Robinson
81%
Utah Jazz SF Bojan Bogdanovic
80%
Atlanta Hawks SG Kevin Huerter
80%
New York Knicks C Mitchell Robinson
80%
Boston Celtics SF Jayson Tatum
79%
Phoenix Suns SF Mikal Bridges
78%
Charlotte Hornets SF Miles Bridges
78%
Brooklyn Nets SG Seth Curry
78%
Golden State Warriors PG Stephen Curry
78%
Milwaukee Bucks PF Giannis Antetokounmpo
77%
Golden State Warriors SG Klay Thompson
77%
Boston Celtics PG Marcus Smart
77%
Chicago Bulls C Tristan Thompson
77%
Brooklyn Nets SF Bruce Brown
76%
Phoenix Suns C Deandre Ayton
76%
Atlanta Hawks SF De'Andre Hunter
76%
Boston Celtics SG Jaylen Brown
76%
Milwaukee Bucks PG Jrue Holliday
76%
Milwaukee Bucks SF Khris Middleton
76%
San Antonio Spurs PG Dejounte Murray
74%
Houston Rockets SG Jalen Green
74%
Denver Nuggets SF Jeff Green
74%
Sacramento Kings SG Justin Holiday
74%
Chicago Bulls SF DeMar DeRozan
73%
Milwaukee Bucks SG Grayson Allen
73%
Indiana Pacers C Isaiah Jackson
73%
Memphis Grizzlies PF Jaren Jackson Jr.
73%
Cleveland Cavaliers C Jarrett Allen
73%
Charlotte Hornets PG LaMelo Ball
73%
Los Angeles Clippers PG Reggie Jackson
73%
Boston Celtics C Robert Williams
73%
Memphis Grizzlies SF Ziaire Williams
73%
Minnesota Timberwolves C Karl-Anthony Towns
72%
Brooklyn Nets PF Kevin Durant
72%
Los Angeles Lakers C LeBron James
72%
Dallas Mavericks PG Luka Doncic
72%
Chicago Bulls SG Zach LaVine
72%
Oklahoma City Thunder SF Aaron Wiggins
71%
Golden State Warriors SF Andrew Wiggins
71%
Cleveland Cavaliers PG Darius Garland
71%
Brooklyn Nets PG Kyrie Irving
71%
Denver Nuggets C Nikola Jokic
71%
Miami Heat PF PJ Tucker
71%
Detroit Pistons SF Saddiq Bey
71%
Utah Jazz PG Donovan Mitchell
70%
Golden State Warriors C Kevon Looney
70%
Boston Celtics PF Al Horford
69%
Minnesota Timberwolves PG D'Angelo Russell
69%
Sacramento Kings C Domantas Sabonis
69%
Utah Jazz C Rudy Gobert
69%
Sacramento Kings PG De'Aaron Fox
68%
Memphis Grizzlies PG Ja Morant
68%
Philadelphia 76ers C Joel Embiid
68%
New York Knicks PF Julius Randle
68%
Philadelphia 76ers PF Tobias Harris
68%
New Orleans Pelicans C Jonas Valanciunas
67%
Los Angeles Lakers PG Russell Westbrook
67%
Sacramento Kings SF Harrison Barnes
66%
Detroit Pistons C Isaiah Stewart
66%
New Orleans Pelicans PF Jaxson Hayes
66%
San Antonio Spurs PF Keldon Johnson
66%
Portland Trail Blazers SG Keon Johnson
66%
Charlotte Hornets C Mason Plumlee
66%
Toronto Raptors PG Scottie Barnes
66%
Los Angeles Lakers PF Stanley Johnson
66%
Philadelphia 76ers PG Tyrese Maxey
66%
New Orleans Pelicans SG Brandon Ingram
65%
Detroit Pistons PF Jerami Grant
65%
Oklahoma City Thunder PG Shai Gilgeous-Alexander
65%
Memphis Grizzlies C Steven Adams
65%
Charlotte Hornets SG Terry Rozier
65%
Indiana Pacers SG Tyrese Haliburton
65%
Portland Trail Blazers PG Anfernee Simons
64%
Dallas Mavericks PF Dorian Finney-Smith
64%
Cleveland Cavaliers PF Evan Mobley
64%
Houston Rockets PG Kevin Porter Jr.
64%
Golden State Warriors PF Otto Porter Jr.
64%
Denver Nuggets PF Aaron Gordon
63%
Houston Rockets SF Eric Gordon
63%
Los Angeles Clippers C Ivica Zubac
63%
Phoenix Suns PF Jae Crowder
63%
Washington Wizards C Kristaps Porzingis
63%
New Orleans Pelicans PG CJ McCollum
62%
Orlando Magic PG Cole Anthony
62%
Dallas Mavericks C Dwight Powell
62%
Toronto Raptors SF Pascal Siakam
62%
Houston Rockets C Christian Wood
61%
Chicago Bulls PF Nikola Vucevic
61%
San Antonio Spurs C Jakob Poeltl
60%
New York Knicks SF RJ Barrett
60%
Milwaukee Bucks C Bobby Portis
57%
Dallas Mavericks SG Jalen Brunson
56%
Charlotte Hornets PF PJ Washington
56%
Los Angeles Clippers SF Marcus Morris
55%
Denver Nuggets PG Monte Morris
55%
Brooklyn Nets C Andre Drummond
54%
Atlanta Hawks PF Danilo Gallinari
54%
Memphis Grizzlies SG Desmond Bane
54%
Washington Wizards PF Kyle Kuzma
54%
Indiana Pacers SF Buddy Hield
53%
Phoenix Suns PG Cameron Payne
53%
Orlando Magic SF Franz Wagner
53%
Indiana Pacers PG Malcolm Brogdon
52%
New York Knicks SG Evan Fournier
50%
New Orleans Pelicans SF Herb Jones
45%
Cleveland Cavaliers SF Lauri Markkannen
45%
Los Angeles Clippers PF Nicolas Batum
45%
Los Angeles Lakers SG Malik Monk
44%
Orlando Magic C Mo Bamba
44%
Cleveland Cavaliers SG Isaac Okoro
43%
Minnesota Timberwolves PF Jarred Vanderbilt
43%
Denver Nuggets SG Will Barton
41%
Los Angeles Lakers SF Austin Reaves
39%
Washington Wizards SG Kentavious Caldwell-Pope
39%
Utah Jazz PF Royce O'Neale
39%
Los Angeles Clippers SG Terance Mann
39%
Oklahoma City Thunder SG Tre Mann
39%
Miami Heat PG Gabe Vincent
37%
Philadelphia 76ers SF Matisse Thybulle
37%
Houston Rockets PF Jae'Sean Tate
36%
Toronto Raptors SG Gary Trent Jr.
35%
Minnesota Timberwolves SF Jaden McDaniels
35%
Minnesota Timberwolves SG Malik Beasley
34%
Toronto Raptors PF Chris Boucher
32%
New York Knicks PG Alec Burks
30%
Phoenix Suns SG Landry Shamet
30%
Oklahoma City Thunder C Darius Bazley
29%
Dallas Mavericks SF Reggie Bullock
29%
Chicago Bulls PG Ayo Dosunmu
27%
San Antonio Spurs SG Devin Vassell
24%
Oklahoma City Thunder PF Aleksej Pokusevski
23%
Detroit Pistons PG Cory Joseph
23%
Toronto Raptors C Khem Birch
21%
San Antonio Spurs SF Doug McDermott
19%
Philadelphia 76ers SG Furkan Korkmaz
19%
Washington Wizards PG Raul Neto
19%
Washington Wizards SF Corey Kispert
17%
Indiana Pacers PF Oshae Brissett
17%
Portland Trail Blazers SF CJ Elleby
16%
Portland Trail Blazers C Drew Eubanks
12%
Orlando Magic PF Chuma Okeke
11%
Orlando Magic SG RJ Hampton
11%
Sacramento Kings PF Trey Lyles
11%
Portland Trail Blazers PF Keljin Blevins
3%
Utah Jazz SG Trent Forrest
3%
No matching quizzes found
Score Distribution
Percent of People with Each Score
Percentile by Number Answered
Your Score History
You have not taken this quiz since the last reset